All 1,000+ towns in the South Island - Statistics

General Stats
  • This quiz has been taken 16 times
  • The average score is 32 of 61
Answers on the Map
Answers color-coded by a green-red scale on the quiz's map according to % correct below.
 
Answer Stats
Population Town/City % Correct
400,600 Christchurch
100%
103,200 Dunedin
92%
50,800 Invercargill
92%
28,600 Queenstown
92%
21,300 Ashburton
85%
30,300 Blenheim
85%
50,800 Nelson
85%
4,930 Picton
85%
2,800 Arrowtown
77%
8,500 Greymouth
77%
2,380 Kaikōura
77%
13,100 Wānaka
77%
1,820 Bluff
69%
7,330 Cromwell
69%
3,110 Geraldine
69%
14,100 Oamaru
69%
33,200 Rolleston
69%
2,910 Te Anau
69%
29,400 Timaru
69%
1,780 Twizel
69%
5,830 Alexandra
62%
8,340 Gore
62%
3,350 Hokitika
62%
3,200 Lyttelton
62%
14,850 Mosgiel
62%
19,700 Richmond
62%
4,400 Balclutha
54%
12,050 Lincoln
54%
2,130 Methven
54%
8,360 Motueka
54%
19,150 Rangiora
54%
4,600 Westport
54%
3,380 Darfield
46%
13,550 Kaiapoi
46%
2,240 Oxford
46%
1,670 Rakaia
46%
4,760 Temuka
46%
3,650 Waimate
46%
2,550 Winton
46%
1,200 Clyde
38%
1,600 Diamond Harbour
38%
2,340 Lake Hāwea
38%
2,140 Milton
38%
1,680 Riverton / Aparima
38%
2,780 Amberley
31%
2,320 Brightwater
31%
4,170 Pegasus
31%
1,470 Pleasant Point
31%
1,050 Reefton
31%
1,200 Runanga
31%
1,430 Tākaka
31%
2,730 Wakefield
31%
5,430 Woodend
31%
2,350 Leeston
23%
1,680 Māpua
23%
5,690 Prebbleton
23%
2,550 Renwick
23%
1,310 Waikouaiti
23%
2,590 West Melton
23%
1,480 Brighton
15%
1,680 Mataura
15%
No matching quizzes found
Score Distribution
Percent of People with Each Score
Percentile by Number Answered
Your Score History
You have not taken this quiz